Aj majster sa niekedy utne Rally Sardínia

Bibliographic Details
Main Author: Kríž, Peter (Author)
Format: Article
Language:Slovak
PhysicalDescription:Fotogr., tab.
ISSN:1335-0730
Subjects:

MARC

LEADER 00000nab a2200000 ar4500
001 vtls008997682
003 SK-MaSNL
005 20260303065816.0
008 070613c2007 xo wr|p|||||||000 b|slo
015 |a SNBRB2007/06  |2 snkbucl 
038 |a SNKBUCL 
040 |a SNKBUCL  |b slo  |c SNKBUCL  |e AACR2 
041 0 |a slo 
044 |a xo  |c SK 
080 |a 796.71.093.1  |2 2001 
100 1 |a Kríž, Peter  |4 aut  |9 856749 
245 1 0 |a Aj majster sa niekedy utne  |b Rally Sardínia  |c Peter Kríž 
300 |b Fotogr., tab. 
611 2 7 |a Rally Sardínia  |d (2007)  |2 snkbucl  |9 1066372 
650 0 7 |a automobilizmus  |2 snkbucl  |9 13242 
773 0 |t Stop  |g Roč. XXXVII, č. 11 (2007), s. 48  |x 1335-0730 
852 |a SNK  |b KIS3GCP 
999 |c 1752797  |d 1754727